| 000 | 00804nam a2200205Ia 4500 | ||
|---|---|---|---|
| 008 | 090123s9999 xx 000 0 und d | ||
| 082 | _b35963 | ||
| 100 | _aपंडित श्रीनिवास | ||
| 245 | _aथॉट लीडर्स (वैचारिक नेतृत्व) | ||
| 250 | _a0 | ||
| 260 |
_bमेहता प्रकाशन _c2003 |
||
| 300 | _a403 | ||
| 600 | _aपंडित श्रीनिवास | ||
| 630 | _aथॉट लीडर्स (वैचारिक नेतृत्व) | ||
| 700 | _aवकिल सुप्रिया | ||
| 700 | _aवाडकर विलास | ||
| 700 | _aपंडित श्रीनिवास | ||
| 730 | _aथॉट लीडर्स (वैचारिक नेतृत्व) | ||
| 942 | _cBOOK | ||
| 999 |
_c74030 _d74030 |
||